000 02230nam0a2200349 4500
001 RU\NLR\BIBL_A\012320888
005 20200909151544.0
010 _a978-5-502-01316-1
_950
021 _aRU
_bКН-П-20-024275
_9КН-П-20-1887
035 _a(NLR Aleph) 012320888
035 _a(RuMoRGB)010330487
090 _a11420888
_c11420888
100 _a20200825d2020 u y0rusy50 ca
101 0 _arus
102 _aRU
105 _aa zzjz||||yz
181 0 _ai
_baxxe
182 0 _an
200 1 _aОсновы стратегического менеджмента
_eучебное пособие
_eпо дисциплине "Менеджмент" для бакалавров технических направлений подготовки всех форм обучения
_fЯ. С. Поташник, Н. А. Титова
_gМинистерство науки и высшего образования Российской Федерации, Федеральное государственное бюджетное образовательное учреждение высшего образования "Нижегородский государственный технический университет им. Р. Е. Алексеева"
203 _aТекст
_bвизуальный
_cнепосредственный
210 _aНижний Новгород
_cНижегородский государственный технический университет им. Р. Е. Алексеева
_d2020
215 _a127 с.
_cил., табл.
_d21
320 _aБиблиогр.: с. 119-120 (30 назв.)
606 1 _aМенеджмент стратегический
_jУчебные издания для высших учебных заведений
_2nlr_sh1
_2nlr_sh2
_3RU\NLR\AUTH\661247525
686 1 _aУ21(2)2я73
700 1 _aПоташник
_bЯ. С.
_gЯрослав Семенович
701 1 _aТитова
_bН. А.
_cканд. экон. наук, экономика предприятия
_f1976-
_gНаталья Анатольевна
_3RU\NLR\AUTH\770130043
942 _cBOOK
980 _aNBR
980 _aNB